000 01231nam a2200157 4500
999 _c510856
_d510856
008 190903b ||||| |||| 00| 0 eng d
100 _aMohanty, Chandan Kumar
_99492
245 _aPublic-private wage gap in the Indian mining and quarrying industry
260 _c2019
300 _ap.232-253.
520 _aThis article examines if there is a wage gap between public and private mining (and quarrying) workers in India, using the NSS data (2004–2005, 2009–2010 and 2011–2012). We employ linear and quantile regressions to estimate the wage gap. The ordinary least squares (OLS) results suggest that workers in the public sector mines (and quarries) earn 59 per cent more than their private sector counterparts. However, the wage gap is not uniform across the conditional wage distribution. The quantile regression estimates show that the magnitude of the wage gap is larger at the bottom quantile than at the top; the gap reduces as we move up the wage distribution. Observations drawn from our sub-sample analysis concur with these findings. - Reproduced.
700 _aMohanty, Smrutirekha
_99493
773 _aMargin- The Journal of Applied Economic Research
906 _aMining industry - India
942 _2ddc
_cAR